000 00818cab a2200253 4500
001 WB3519-20
008 090401t1999 xxu||||| |||| 00| 0 eng d
035 _a(Sirsi) u93515
041 _aeng
245 _aAim to double Euro grants
260 _c1999
350 _a0
490 _aProperty Week
_v64(20) 21 May 1999, 6(1)
520 _aThe London Development Partnership is attempting to double the amount which London receives in EU funding by broadening the EU's Objective 2 status for key urban areas and former industrial areas.
650 _aEU GRANTS
650 _aEUROPEAN FUNDING
650 _aLONDON DEVELOPMENT PARTNERSHIP
650 _aLONDON
650 _aOBJECTIVE 2 AREAS
650 _aSTRUCTURAL FUNDS
690 _aPROPERTY-PROPERTY DEVELOPMENT
942 _n0
948 _c21/05/1999
999 _c59261
_d59261